Zákon o nabídkách převzetí komentář
Guardado en:
| Autor principal: | |
|---|---|
| Formato: | Libro |
| Lenguaje: | checo inglés alemán |
| Publicado: |
Praha
Wolters Kluwer ČR
2012
|
| Colección: | Komentáře Wolters Kluwer
|
| Materias: | |
| Etiquetas: |
Sin Etiquetas, Sea el primero en etiquetar este registro!
|
MARC
| LEADER | 00000nam a2200000 4500 | ||
|---|---|---|---|
| 001 | 0183321 | ||
| 005 | 20240315114801.2 | ||
| 020 | |a 978-80-7357-888-6 | ||
| 041 | 0 | |a cze | |
| 041 | 0 | |a eng | |
| 041 | 0 | |a ger | |
| 044 | |a CZ | ||
| 245 | 1 | 0 | |a Zákon o nabídkách převzetí |b komentář |c Jan Lasák ... [et. al.] |
| 264 | 1 | |a Praha |b Wolters Kluwer ČR |c 2012 | |
| 300 | |a 680 s. | ||
| 490 | 1 | |a Komentáře Wolters Kluwer | |
| 830 | 0 | |a Komentáře Wolters Kluwer | |
| 610 | 2 | 0 | |a predpisy právne |
| 610 | 2 | 0 | |a legislatíva |
| 610 | 2 | 0 | |a komentáre |
| 610 | 2 | 0 | |a smernice |
| 610 | 2 | 0 | |a právo súkromné medzinárodné |
| 610 | 2 | 0 | |a Česko |
| 610 | 2 | 0 | |a Európska únia |
| 100 | 1 | |a Lasák, Jan | |